| 000 | 00596nam a2200181 4500 | ||
|---|---|---|---|
| 999 |
_c372101 _d372101 |
||
| 008 | 210104b ||||| |||| 00| 0 eng d | ||
| 040 |
_aDE-2950 _bger _cDE-2950 _erda |
||
| 041 | _ager | ||
| 245 |
_aUlrich Junghanns zur aktuellen Situation der Wichern Diakonie. _bFrage & Antwort . |
||
| 264 | _c2022 | ||
| 653 | _aFrankfurt (Oder) | ||
| 653 | _aWichern Diakonie | ||
| 773 |
_teinfach wichern: Magazin der Wichern Diakonie Frankfurt (Oder) _dFrankfurt (Oder): Giraffe Werbeagentur _g(2022) 2, S. 18 - 19 |
||
| 942 | _cA | ||